000 00775nam a2200241Ia 4500
003 OSt
005 20221005112641.0
006 a|||||r|||| 00| 0
007 ta
008 221004b |||||||| |||| 00| 0 pan d
020 _a8188852112 (hbk)
_c125
024 _a106448
037 _b7848/I, 21/02/2011, Arsee Publishers
_cTextual
040 _aCRL
_cCRL
_bpan
041 _2pan
_apan
082 _aO153,2N50,FJ, P4
100 _aਦੇਵਾਨੰਦ
245 0 _aਖ਼ਗ਼ਲ ਜਮਾਲ
260 _aਜਲੰਧਰ
_bਦੀਪਕ ਪਬਲਿਰਗ਼ ਭਾਰਤ
_c2004
300 _a112ਪੰ
_ccm.
942 _hO153,2N50,FJ, P4
_cTEXL
_2cc
999 _c1025528
_d1025528